| 000 | 00451nam a22001817a 4500 | ||
|---|---|---|---|
| 003 | CEME | ||
| 005 | 20210628210314.0 | ||
| 008 | 210208b xxu||||| |||| 00| 0 eng d | ||
| 020 | _a07-03080-0 | ||
| 040 | _c. | ||
| 082 | _a629.256 HOR'A | ||
| 100 |
_aHorowitz, Harry _978927 |
||
| 245 | _aAuto radiation repair and the cooling system | ||
| 260 |
_aNEWYORK _bMCGRAW HILL _c1972 |
||
| 300 | _a271P | ||
| 650 |
_a ACC NO- _911250 |
||
| 942 |
_cBK _2ddc |
||
| 999 |
_c583994 _d583994 |
||